Из бронзы и мрамора: книга для чтения по истории русской и советской скульптуры

Detalhes bibliográficos
Outros Autores: Милин Э. В. (редактор)
Idioma:russo
Publicado em: Ленинград, Художник РСФСР, 1965
Assuntos:
Formato: MixedMaterials Livro
KOHA link:https://koha.lib.tpu.ru/cgi-bin/koha/opac-detail.pl?biblionumber=211294

MARC

LEADER 00000nam0a2200000 4500
001 211294
005 20231101225654.0
035 |a (RuTPU)RU\TPU\book\230804 
090 |a 211294 
100 |a 20120312d1965 m y0rusy50 ca 
101 0 |a rus 
102 |a RU 
105 |a a z 001zy 
200 1 |a Из бронзы и мрамора  |e книга для чтения по истории русской и советской скульптуры  |f под ред. Э. В. Милина 
210 |a Ленинград  |c Художник РСФСР  |d 1965 
215 |a 474 с.  |c ил. 
320 |a Список иллюстраций в конце книги 
606 |a Скульптура  |2 stltpush  |3 (RuTPU)RU\TPU\subj\55079  |9 73151 
610 1 |a русская скульптура 
610 1 |a история 
610 1 |a 18 век 
610 1 |a 19 век 
610 1 |a 20 век 
675 |a 73  |v 3 
702 1 |a Милин  |b Э. В.  |4 340 
801 1 |a RU  |b 63413507  |c 20120312 
801 2 |a RU  |b 63413507  |c 20180411  |g RCR 
942 |c BK